| 000 | 00574nam a2200157 a 4500 | ||
|---|---|---|---|
| 001 | 000038081 | ||
| 005 | 20201002031154.0 | ||
| 008 | 130313s2010 dr 000 0 spa d | ||
| 040 |
_aDO-SdBNP _bspa _cBNPHU |
||
| 100 | 1 |
_aReyes, José _926980 |
|
| 245 | 1 | 0 |
_aParticipar, a partir del anteproyecto de ley de participación / _cJosé Reyes, ; presentación Marcos Villamán. |
| 260 |
_aSanto Domingo : _bConsejo Nacional de Reforma del Estado (CONARE), _c2010. |
||
| 300 |
_a16 p. ; _c29 cm. |
||
| 500 | _aIncluye notas al pie de las páginas | ||
| 700 | 1 |
_aVillamán, Marcos _9760 |
|
| 999 |
_c37571 _d37571 |
||